Central Library OPAC University of Rajshahi

Peter Idley's Instructions to his son / (Record no. 20552)

MARC details
000 -LEADER
fixed length control field 01555cam a22003371 4500
001 - CONTROL NUMBER
control field 20552
003 - CONTROL NUMBER IDENTIFIER
rucl marc code BD-RjUL
005 - DATE AND TIME OF LATEST TRANSACTION
control field 20211209000600.0
008 - FIXED-LENGTH DATA ELEMENTS--GENERAL INFORMATION
fixed length control field 140301s1935 xx 000 0 eng
035 ## - SYSTEM CONTROL NUMBER
System control number (BD-RjUL)20614
System control number (OCoLC)4111284
040 ## - CATALOGING SOURCE
Original cataloging agency DLC
Transcribing agency OU
Modifying agency DLC
-- BD-RjUL
Language of cataloging eng
041 ## - LANGUAGE CODE
Language code of text/sound track or separate title eng
082 ## - DEWEY DECIMAL CLASSIFICATION NUMBER
Classification number 829.1
Author mark and year IDP
100 1# - MAIN ENTRY--PERSONAL NAME
Personal name Idle, Peter,
Dates associated with a name -1474?
9 (RLIN) 63413
245 00 - TITLE STATEMENT
Title Peter Idley's Instructions to his son /
Statement of responsibility, etc. edited, with introd. and notes by Charlotte D'Evelyn.
260 ## - PUBLICATION, DISTRIBUTION, ETC. (IMPRINT)
Place of publication, distribution, etc. Published by the Modern language association of america. Boston :
Name of publisher, distributor, etc. Heath and company; London, Oxford university press,
Date of publication, distribution, etc. 1935.
300 ## - PHYSICAL DESCRIPTION
Pagination vii, 240 p. :
Illustrations front., pl. ;
Size 25 cm.
490 0# - SERIES STATEMENT
Series statement The Modern language association of America. Monograph series. VI
500 ## - GENERAL NOTE
General note A fifteenth century didactic poem in two books, the first of which is based on two Latin treatises of Albertano da Brescia, Liber consolationis and Liber de amore Dei and the second on R. Mannyng's Handlyng synne and Lydgates's Fall of princes.
General note Printed from Cambridge university ms. Ee.4.37 (E).
General note "List of abbreviated titles"; p. 211-212.
700 0# - ADDED ENTRY--PERSONAL NAME
Personal name Albertano,
Dates associated with a name active 13th century.
Personal name D'Evelyn, Charlotte,
Dates associated with a name 1889-
Relator term ed.
Personal name Mannyng, Robert,
Dates associated with a name active 1288-1338.
Personal name Boccaccio, Giovanni,
Dates associated with a name 1313-1375.
942 ## - ADDED ENTRY ELEMENTS (KOHA)
Source of classification or shelving scheme Dewey Decimal Classification
Koha item type Books
Holdings
Lost status Source of classification or shelving scheme Damaged status Not for loan Collection code Permanent Location Current Location Shelving location Date acquired Source of acquisition Cost, normal purchase price Total Checkouts Full call number Date last seen Copy number Koha item type
  Dewey Decimal Classification   Added to bundle Fiction Central Library, University of Rajshahi Central Library, University of Rajshahi Reading Room 22/10/1963 m.L. Assa agency 0.00   829.1 IDP 1935 01/03/2014 C-1 Books